LIBRARY & INFORMATION CENTRE, KCAET, TAVANUR

ONLINE PUBLIC ACCESS CATALOGUE (OPAC)

Telecommunications network management / (Record no. 544)

MARC details
000 -LEADER
fixed length control field 00504cam a2200181ua 4500
020 ## - INTERNATIONAL STANDARD BOOK NUMBER
ISBN 81-203-1685-1
041 ## - LANGUAGE CODE
Language code of text/sound track or separate title eng
082 ## - DEWEY DECIMAL CLASSIFICATION NUMBER
Classification number 004.65
Item number AID/TE
100 ## - MAIN ENTRY--AUTHOR NAME
Personal name Aidarous, Salah .
245 00 - TITLE STATEMENT
Title Telecommunications network management /
260 ## - PUBLICATION, DISTRIBUTION, ETC. (IMPRINT)
Place of publication New Delhi :
Name of publisher Prentice Hall of India Pvt Ltd. ,
Year of publication 2000.
300 ## - PHYSICAL DESCRIPTION
Number of Pages 317 ; .
700 1# - ADDED ENTRY--PERSONAL NAME
Personal name Plevyak, Thomas .
942 ## - ADDED ENTRY ELEMENTS (KOHA)
Koha item type Books
Holdings
Withdrawn status Lost status Damaged status Home library Current library Date acquired Full call number Accession Number Koha item type
      KAUAET KAUAET 07/04/2012 004.65 20640 Books
free website counter